| 000 | 00835nam a22002177a 4500 | ||
|---|---|---|---|
| 003 | OSt | ||
| 005 | 20220916150107.0 | ||
| 008 | 220916b |||||||| |||| 00| 0 eng d | ||
| 040 | _cBiblioteca Lado V | ||
| 082 |
_a731.2 _bG633c |
||
| 100 | _aGomez del Rio, Manuela | ||
| 245 | _aConcurso de Esculturas "Parque de la Memoria"/ | ||
| 260 |
_aArgentina _bEditorial Universitaria de Buenos Aires _c1999 |
||
| 300 |
_a79p. _c20x28cm |
||
| 500 | _aHomenaje en honor a los Detenidos-Desaparecidos y Asesinados por el terrorismo de estado en Argentina. | ||
| 650 |
_2Tesauro de Arte & Arquitectura _aESCULTURA |
||
| 650 |
_2Tesauro de Arte & Arquitectura _aCONCURSO |
||
| 650 |
_2Tesauro de Arte & Arquitectura _aURBANISMO |
||
| 650 |
_2Tesauro de Arte & Arquitectura _aHOMENAJE |
||
| 942 |
_2ddc _c1 _h731.2 _iG633c _n0 |
||
| 999 |
_c2055 _d2055 |
||